| 000 | 00520cam a2200181 4500500 | ||
|---|---|---|---|
| 005 | 20260405002415.0 | ||
| 041 | _afre | ||
| 042 | _adc | ||
| 245 | 0 | 0 | _aLe génie de la bêtise |
| 260 | _c2017. | ||
| 500 | _a1 | ||
| 690 | _aBêtise | ||
| 690 | _aDenis Grozdanovitch | ||
| 690 | _aFlaubert | ||
| 690 | _aHusserl | ||
| 786 | 0 | _nPhilosophie magazine | 107 | 3 | 2017-03-01 | p. 55-55 | 1951-1787 | |
| 856 | 4 | 1 | _uhttps://shs.cairn.info/magazine-philosophie-magazine-2017-3-page-55?lang=fr&redirect-ssocas=7080 |
| 999 |
_c2057433 _d2057433 |
||